00868nam a22002534a 450000500170000000800410001701000140005802000260007203500130009803700150011104000180012608200140014410000210015824500640017925000120024326000510025530000420030650000340034865000220038265000310040494200280043599900170046395201340048020061226150017.0051122s2007 njua b 001 0 eng  aENG-91244 a9780070655706c175.00 aEN-74777 bDBAD / PUB adplbEnglish  a647.94068 aAndrews, Sudhir  aHotel front office:cby Sudhir Andrewsba training manual / a2nd ed. aNew Delhi bTata McGraw-Hill Publishing c2009 axxviii, 380 p. :bill. ;c24cm (pbk)  aIncludes glossary and figures aHotel management. aHotel front desk personnel 2ddccENh647.94068mAND c16455d16455 00102ddc40718NFICaDBADbDBADd2008-10-10g175.00l0o647.94068 ANDpEN-74777r2008-10-10 00:00:00t1v175.00w2008-10-10yEN